| 000 | 01043nam a2200325 a 4500 | ||
|---|---|---|---|
| 003 | CO-BoRNBP | ||
| 005 | 20241010082730.0 | ||
| 007 | ta | ||
| 008 | 150302s2013 ck a gr 0001f spa d | ||
| 020 | _a9789586652551 | ||
| 040 |
_aCO-BoBLA _bspa _cCO-BoBLA _erda |
||
| 043 | _aa-cc--- | ||
| 082 | 0 | 4 | _221 |
| 084 | _aN BER19 | ||
| 100 | 1 |
_aBerti, Eduardo, _d1964- _939438 |
|
| 245 | 1 | 3 |
_aEl país imaginado / _cEduardo Berti ; con una introducción de Alberto Manguel. |
| 250 | _aPrimera edición | ||
| 300 |
_a235 páginas ; _c20 cm. |
||
| 336 |
_2rdacontenido _atexto _btxt |
||
| 337 |
_2rdamedio _asin mediación _bn |
||
| 338 |
_2rdasoporte _avolumen _bnc |
||
| 650 | 7 |
_aAves _vNovela. _2BLAAUTO _942864 |
|
| 650 | 7 |
_aAmistad _vNovela. _2BLAAUTO _91741 |
|
| 650 | 7 |
_aNiñez _vNovela. _2BLAAUTO _942865 |
|
| 651 | 7 |
_aChina _x Descripción _v Novela. _942866 |
|
| 651 | 7 |
_aChina _x Vida social y costumbres _v Novela. _942867 |
|
| 700 | 1 |
_aManguel, Alberto, _d1948- _eintroducción. _942868 |
|
| 942 |
_2ddc _cBKLIT |
||
| 949 |
_an _bn |
||
| 999 |
_c38419 _d38419 |
||